00720cam a22002054a 45000010009000000050017000090080041000260200015000670400013000820820021000952450141001162600051002573000015003086500022003237000028003457000029003739420006004029520093004089990013005011425240220240321070942.0060203s1998 ii af b 000 0deng  a9559528459 aDLCcDLC 222a324.2.bTHE.04aThe Bracegirdle affair :ban episode in the history of the Lanka Sama Samaja Party /cedited by Wesley S. Muthiah and Sydney Wanasinghe. aColombo :bYoung Socialist Publication,c1997. ax, 576 p., 0aTrials (Sedition)1 aMuthiah, Wesley S.eedt1 aWanasinghe, Sydney.eedt cL 001040708LaWERCLbWERCLd2024-03-21l0o324.2. THE.p2564r2024-03-21w2024-03-21yL c594d594